[Event "Karelia-ch 65th"]
[Site "Kondopoga"]
[Date "2012.02.21"]
[Round "1"]
[White "Vikulin, Alexander A"]
[Black "Khludnev, Kirill"]
[Result "0-1"]
[WhiteElo "1733"]
[BlackElo "2090"]
[PlyCount "76"]
[EventDate "2012.02.21"]
[EventType "swiss"]
[EventRounds "9"]
[EventCountry "RUS"]
[SourceTitle "EXT 2013"]
[Source "ChessBase"]
[SourceDate "2012.11.22"]
[SourceVersion "1"]
[SourceVersionDate "2012.11.22"]
[SourceQuality "1"]

1. e4 d6 2. d4 Nf6 3. Nc3 g6 4. f4 Bg7 5. Nf3 0-0 6. h3 c5 7. d5 a6 8. a4 e6 9. dxe6 Bxe6 10. Be2 d5 11. e5 Nh5 12. g4 Ng3 13. Rg1 Nxe2 14. Qxe2 Nc6 15. Bd2 Nb4 16. 0-0-0 Qd7 17. Be1 d4 18. b3 Qc6 19. Ne4 Bd5 20. Nxd4 cxd4 21. Bxb4 d3 22. Rxd3 Bxe4 23. Re3 Qb6 24. Bxf8 Bxf8 25. Rd1 Ba3+ 26. Kb1 Qc5 27. Rd2 b5 28. Rg3 Qb4 29. a5 Rc8 30. Re3 Qxa5 31. Qd1 Bb4 32. Rdd3 Bxd3 33. Rxd3 Bc3 34. Rxc3 Qxc3 35. h4 a5 36. Qe2 a4 37. Qd3 Qe1+ 38. Kb2 a3+ 0-1

[Event "Karelian Autumn op-B"]
[Site "Petrozavodsk"]
[Date "2009.10.14"]
[Round "6"]
[White "Khludnev, Kirill"]
[Black "Dmitriev, Andrey V"]
[Result "1-0"]
[WhiteElo "2066"]
[BlackElo "1837"]
[PlyCount "63"]
[EventDate "2009.10.10"]
[EventType "swiss"]
[EventRounds "9"]
[EventCountry "RUS"]
[SourceTitle "EXT 2022"]
[Source "ChessBase"]
[SourceDate "2021.10.06"]
[SourceVersion "1"]
[SourceVersionDate "2021.10.06"]
[SourceQuality "1"]

1. e4 c5 2. Nc3 Nc6 3. f4 d6 4. Bc4 g6 5. Nf3 Bg7 6. 0-0 e6 7. d3 Nge7 8. Qe1 h6 9. Qh4 a6 10. a4 Rb8 11. f5 gxf5 12. Bd2 Nd4 13. Nxd4 Bxd4+ 14. Kh1 Bd7 15. Rae1 Ng6 16. Qh5 Qh4 17. Qxh4 Nxh4 18. exf5 Bc6 19. Bd5 Bxd5 20. Nxd5 Be5 21. fxe6 fxe6 22. Nf6+ Ke7 23. Ng4 Bg7 24. Re4 Ng6 25. Rfe1 Nf8 26. Ne3 Kf7 27. Rf1+ Kg8 28. Rg4 b5 29. axb5 axb5 30. Bc3 Rb7 31. Rgf4 b4 32. Rxf8+ 1-0

[Event "Karelia-ch 62nd"]
[Site "Petrozavodsk"]
[Date "2009.02.24"]
[Round "6"]
[White "Khludnev, Kirill"]
[Black "Pimenov, Revolt"]
[Result "0-1"]
[WhiteElo "2069"]
[BlackElo "2247"]
[PlyCount "126"]
[EventDate "2009.02.21"]
[EventType "swiss"]
[EventRounds "9"]
[EventCountry "RUS"]
[SourceTitle "CBM 129 Extra"]
[Source "ChessBase"]
[SourceDate "2009.05.05"]
[SourceVersion "2"]
[SourceVersionDate "2009.05.20"]
[SourceQuality "1"]

1. e4 e6 2. d3 d5 3. Qe2 dxe4 4. dxe4 b6 5. Nf3 Ba6 6. c4 Nc6 7. a3 g6 8. Bg5 Be7 9. Be3 Bf6 10. Nc3 Bxc3+ 11. bxc3 Qe7 12. Nd4 Na5 13. Qc2 Nf6 14. e5 Nd7 15. Be2 0-0 16. Qe4 Bb7 17. Qf4 f6 18. exf6 Nxf6 19. Qe5 Rae8 20. Bh6 Rf7 21. Bg5 Nd7 22. Qe3 Qc5 23. h4 Nxc4 24. Bxc4 Qxc4 25. h5 Ne5 26. f3 c5 27. hxg6 Nxg6 28. Ne2 Ba6 29. Ng3 Nf4 30. Bxf4 Qxf4 31. Qxf4 Rxf4 32. 0-0-0 Bb5 33. Ne4 Re7 34. Ng5 Rf8 35. Rh6 Bc4 36. Rdh1 Bd3 37. Nxe6 Rf5 38. f4 c4 39. R1h4 Rb5 40. Rg4+ Bg6 41. f5 Rxf5 42. Nf4 Rfe5 43. Rh1 Re1+ 44. Rxe1 Rxe1+ 45. Kb2 Re4 46. Nd5 Rxg4 47. Nf6+ Kf7 48. Nxg4 Ke6 49. Kc1 Kf5 50. Ne3+ Kf4 51. Nxc4 Kg3 52. Ne3 Be4 53. Kd2 Bxg2 54. Nf5+ Kf4 55. Ng7 Bf3 56. Ne6+ Kg3 57. Ke3 h5 58. Nd4 Bg4 59. Nb5 h4 60. Nd6 h3 61. Ne4+ Kg2 62. Kf4 h2 63. Ng3 Bd7 0-1

[Event "Karelia-ch 62nd"]
[Site "Petrozavodsk"]
[Date "2009.02.23"]
[Round "5"]
[White "Cherepova, Barbara"]
[Black "Khludnev, Kirill"]
[Result "1/2-1/2"]
[WhiteElo "1987"]
[BlackElo "2069"]
[PlyCount "86"]
[EventDate "2009.02.21"]
[EventType "swiss"]
[EventRounds "9"]
[EventCountry "RUS"]
[SourceTitle "CBM 129 Extra"]
[Source "ChessBase"]
[SourceDate "2009.05.05"]
[SourceVersion "2"]
[SourceVersionDate "2009.05.20"]
[SourceQuality "1"]

1. d4 Nf6 2. Nf3 e6 3. e3 c5 4. Bd3 b6 5. Qe2 Bb7 6. Nbd2 d6 7. b3 Be7 8. Bb2 0-0 9. 0-0 Nc6 10. a3 Qc7 11. c4 Nb8 12. Rac1 Nbd7 13. Rfd1 a5 14. Bc2 a4 15. bxa4 Bc6 16. Nb1 Bxa4 17. Bxa4 Rxa4 18. Nc3 Ra5 19. d5 exd5 20. Nxd5 Nxd5 21. Rxd5 b5 22. Nd2 Qb7 23. Qf3 f6 24. Qe4 Nb6 25. Qe6+ Rf7 26. Rh5 Qd7 27. Qxd7 Nxd7 28. Nb3 Ra8 29. cxb5 Ne5 30. Rc3 g6 31. Rh3 f5 32. Nd2 Ra5 33. e4 Rxb5 34. Rb3 Rxb3 35. Rxb3 Bg5 36. Bxe5 dxe5 37. Nc4 Rd7 38. g3 fxe4 39. Nxe5 Rd8 40. Rb5 e3 41. fxe3 Bxe3+ 42. Kg2 Re8 43. Nd7 Bd4 1/2-1/2

[Event "Northwest FR-ch"]
[Site "St Petersburg"]
[Date "2008.03.26"]
[Round "7"]
[White "Rumiantsev, Rafail"]
[Black "Khludnev, Kirill"]
[Result "1-0"]
[WhiteElo "2007"]
[BlackElo "2100"]
[PlyCount "137"]
[EventDate "2008.03.21"]
[EventType "swiss"]
[EventRounds "9"]
[EventCountry "RUS"]
[SourceTitle "EXT 2022"]
[Source "ChessBase"]
[SourceDate "2021.10.06"]
[SourceVersion "1"]
[SourceVersionDate "2021.10.06"]
[SourceQuality "1"]

1. e4 c5 2. Nc3 e6 3. f4 Ne7 4. Nf3 g6 5. e5 d5 6. exd6 Nf5 7. Ne4 b6 8. Ne5 Nxd6 9. Nxd6+ Bxd6 10. Qf3 Bxe5 11. Qxa8 Bxf4 12. Bb5+ Bd7 13. Bxd7+ Qxd7 14. d3 0-0 15. Qe4 Bxc1 16. Rxc1 Nc6 17. 0-0 f5 18. Qa4 Qd6 19. Rce1 Nd4 20. c3 Nc6 21. a3 f4 22. Qe4 Rf6 23. b4 g5 24. b5 Ne7 25. Qe5 Qxe5 26. Rxe5 h6 27. a4 Nd5 28. Rc1 g4 29. Kf2 Ne3 30. Re4 h5 31. c4 g3+ 32. hxg3 Ng4+ 33. Ke2 fxg3 34. Rf1 Nf2 35. Re5 h4 36. Rg5+ Kf8 37. Rh5 Rf4 38. Rh7 Rd4 39. Rxa7 Rxd3 40. Rb7 Ra3 41. Rxb6 Ra2+ 42. Ke3 Ra3+ 43. Kd2 Ra2+ 44. Kc3 h3 45. gxh3 g2 46. Rg1 Nxh3 47. Rxg2 Rxg2 48. Rxe6 Rg3+ 49. Kd2 Rg2+ 50. Ke3 Rg3+ 51. Ke4 Ng5+ 52. Kf4 Nxe6+ 53. Kxg3 Ke7 54. Kf3 Kd6 55. Ke4 Nd4 56. a5 Nb3 57. a6 Kc7 58. a7 Kb7 59. b6 Na5 60. Kd5 Nb3 61. Kd6 Ka8 62. Kc6 Nd4+ 63. Kxc5 Nc6 64. Kd6 Nd8 65. Kc5 Nb7+ 66. Kb5 Nd8 67. c5 Nb7 68. c6 Nd6+ 69. Ka6 1-0

[Event "Northwest FR-ch"]
[Site "St Petersburg"]
[Date "2008.03.24"]
[Round "4"]
[White "Ivanov, Alexander G"]
[Black "Khludnev, Kirill"]
[Result "1/2-1/2"]
[WhiteElo "2117"]
[BlackElo "2100"]
[PlyCount "26"]
[EventDate "2008.03.21"]
[EventType "swiss"]
[EventRounds "9"]
[EventCountry "RUS"]
[SourceTitle "EXT 2022"]
[Source "ChessBase"]
[SourceDate "2021.10.06"]
[SourceVersion "1"]
[SourceVersionDate "2021.10.06"]
[SourceQuality "1"]

1. e4 d6 2. d4 Nf6 3. Nc3 g6 4. g3 Bg7 5. Bg2 0-0 6. Nge2 Nbd7 7. 0-0 e5 8. dxe5 dxe5 9. Bg5 c6 10. Qd6 h6 11. Bxf6 Qxf6 12. Qxf6 Nxf6 13. Rad1 Be6 1/2-1/2

[Event "Karelia-ch"]
[Site "Petrozavodsk"]
[Date "2008.03.07"]
[Round "5"]
[White "Modetsky, Yuri"]
[Black "Khludnev, Kirill"]
[Result "0-1"]
[WhiteElo "2012"]
[BlackElo "2100"]
[PlyCount "52"]
[EventDate "2008.03.05"]
[EventType "swiss"]
[EventRounds "9"]
[EventCountry "RUS"]
[SourceTitle "CBM 123 Extra"]
[Source "ChessBase"]
[SourceDate "2008.05.06"]
[SourceVersion "1"]
[SourceVersionDate "2008.05.06"]
[SourceQuality "1"]

1. e4 c5 2. Nf3 e6 3. d3 Nc6 4. g3 g6 5. Bg2 Bg7 6. 0-0 Nge7 7. Re1 d6 8. c3 0-0 9. Bg5 h6 10. Be3 f5 11. e5 Nd5 12. exd6 Nxe3 13. fxe3 e5 14. Qb3+ Kh7 15. Qd5 Rf6 16. Nxe5 Nxe5 17. Qxe5 Rxd6 18. Qxc5 Rxd3 19. Na3 Be6 20. Nb5 Rc8 21. Qxa7 Bd5 22. Nd4 Bxg2 23. Kxg2 Qd5+ 24. Kf2 Bxd4 25. exd4 Qf3+ 26. Kg1 Rd2 0-1

[Event "Karelia-ch"]
[Site "Petrozavodsk"]
[Date "2008.03.06"]
[Round "2"]
[White "Khludnev, Kirill"]
[Black "Vjushin, Dmitry"]
[Result "1-0"]
[WhiteElo "2100"]
[BlackElo "2114"]
[PlyCount "61"]
[EventDate "2008.03.05"]
[EventType "swiss"]
[EventRounds "9"]
[EventCountry "RUS"]
[SourceTitle "CBM 123 Extra"]
[Source "ChessBase"]
[SourceDate "2008.05.06"]
[SourceVersion "1"]
[SourceVersionDate "2008.05.06"]
[SourceQuality "1"]

1. Nf3 d5 2. g3 Nf6 3. Bg2 c6 4. 0-0 h6 5. d3 Bf5 6. Nbd2 Nbd7 7. Re1 e5 8. e4 dxe4 9. dxe4 Be6 10. Qe2 Bc5 11. h3 Qc7 12. Nh4 0-0 13. Nf1 Rfe8 14. g4 g5 15. Nf5 Bxf5 16. gxf5 Kg7 17. Nh2 Rh8 18. Kh1 Rag8 19. Be3 Qb6 20. Ng4 Nxg4 21. Qxg4 Nf6 22. Qg3 Bxe3 23. Rxe3 Qxb2 24. Rg1 Rb8 25. Rc3 Rhe8 26. h4 Nh5 27. f6+ Kxf6 28. hxg5+ hxg5 29. Rf3+ Kg6 30. Qg4 Ng7 31. Bh3 1-0

[Event "Karelia-ch"]
[Site "Petrozavodsk"]
[Date "2007.03.01"]
[Round "4"]
[White "Khludnev, Kirill"]
[Black "Dokutchaev, Aleksander"]
[Result "1/2-1/2"]
[WhiteElo "2084"]
[BlackElo "2399"]
[PlyCount "42"]
[EventDate "2007.02.27"]
[EventType "swiss"]
[EventRounds "9"]
[EventCountry "RUS"]
[SourceTitle "EXT 2010"]
[Source "ChessBase"]
[SourceDate "2010.11.25"]
[SourceVersion "1"]
[SourceVersionDate "2010.11.25"]
[SourceQuality "1"]

1. b3 d5 2. Bb2 Nf6 3. e3 Bg4 4. Nf3 Nbd7 5. Be2 c6 6. d4 e6 7. Nbd2 a5 8. a3 a4 9. b4 b5 10. Ne5 Bxe2 11. Qxe2 Nxe5 12. dxe5 Nd7 13. e4 Qb6 14. Nf3 Be7 15. Nd4 dxe4 16. Qxe4 Rc8 17. 0-0 c5 18. bxc5 Qxc5 19. Rfe1 Nb6 20. Qg4 g6 21. Rad1 h5 1/2-1/2

[Event "Tula CC-ch"]
[Site "Tula"]
[Date "2005.10.20"]
[Round "6"]
[White "Ponomarenko, Viktor"]
[Black "Khludnev, Kirill"]
[Result "1-0"]
[WhiteElo "2250"]
[BlackElo "2070"]
[PlyCount "91"]
[EventDate "2005.10.15"]
[EventType "swiss"]
[EventRounds "9"]
[EventCountry "RUS"]
[SourceTitle "EXT 2006"]
[Source "ChessBase"]
[SourceDate "2005.11.24"]
[SourceVersion "1"]
[SourceVersionDate "2005.11.24"]
[SourceQuality "1"]

1. d4 Nf6 2. c4 g6 3. Nc3 Bg7 4. e4 d6 5. Be2 0-0 6. Nf3 e5 7. 0-0 Nc6 8. d5 Ne7 9. Ne1 Nd7 10. Be3 f5 11. f3 f4 12. Bf2 g5 13. Rc1 h5 14. c5 Nxc5 15. b4 Na6 16. Nb5 Rf7 17. Nxa7 Bd7 18. a4 Bf8 19. Nb5 Rg7 20. Rc4 g4 21. g3 Ng6 22. Ng2 Qg5 23. Qc1 gxf3 24. Bxf3 Bg4 25. Bxg4 Qxg4 26. Qd1 Qg5 27. Kh1 fxg3 28. Bxg3 h4 29. Rf5 Qe7 30. Bf2 Qd7 31. Nxh4 c6 32. Nc3 Nc7 33. Nxg6 Rxg6 34. Qh5 Rg7 35. Bb6 Rh7 36. Rg5+ Kh8 37. Qg4 Qf7 38. Qf5 Bh6 39. Qxf7 Rxf7 40. Rg1 Bf4 41. Rg2 Ra6 42. a5 Ra8 43. dxc6 bxc6 44. Rxc6 Na6 45. Rxd6 Nxb4 46. Nd5 1-0